01439cam a2200385 4500999001700000001001400017005001700031008004100048020003100089040003400120041001300154044001100167072006500178080002400243080001900267100002900286240003900315245010600354264002700460300002300487336002600510337002900536338002900565500005400594500003300648500004500681655003900726655004000765655003900805655003500844700003700879958000700916958000700923952012300930 c23501d23501vtls01207323820221013130935.0211013s2021 xo gr 010 f slo  a9788055178882q(viazané) aMIZKGZbslocMIZKGZdSNKerda1 asloheng axocSK 7a821.111-3xAnglická próza, anglicky písaná2konspekt a821.111(94)-322011 a82-311.4220111 aRimmer, Kelly4aut9373110aA Mother’s ConfessionlSlovensky1 aMatkina spoveďcKelly Rimmerová ; z anglického originálu ... preložila Lucia Lukáčová 1aBratislavabIkarc2021 a334 stránc21 cm atextbtxt2rdacontent abez médiabn2rdamedia azväzokbnc2rdacarrier aNa prebale: Dokáže pravda naozaj oslobodiť? aPreložené z angličtiny aObsahuje biografické údaje o autorke 7aaustrálske romány2SNKPH91684 7aspoločenské romány2SNKPH912 7aAustralian fiction2SNKPHeng91685 7aSociety novels2SNKPHeng936451 aLukáčová, Lucia4trl92602 aLX aUP 00102udc40708Ka10000b10000d2022-10-13g6.00i21832l8oB10615pB10615r2025-03-18s2025-02-28w2022-10-13yKLDO